[Event "Knighthood Blitz"]
[Site "Vishy Anand Arena"]
[Date "2020.08.01"]
[Round "6"]
[White "Suyash45"]
[Black "Shadow_master"]
[Result "0-1"]
[WhiteElo "1978"]
[BlackElo "2103"]
[Annotator "NA"]
[PlyCount "60"]
[EventDate "2020.08.01"]
[EventType "swiss (blitz)"]

1. e4 c5 2. Nf3 d6 3. d4 cxd4 4. Nxd4 Nf6 5. Nc3 a6 6. Bg5 e6 7. f4 h6 8. Bh4 Qb6 9. a3 Be7 10. Bf2 Qc7 11. Qf3 Nbd7 12. O-O-O b5 13. g4 Bb7 14. h4 h5 15. g5 Ng4 16. Bg1 Nc5 17. Bh3 g6 18. b4 Na4 19. Nxa4 bxa4 20. f5 gxf5 21. Re1 Bxe4 22. Rxe4 fxe4 23. Qxe4 d5 24. Qd3 Ne5 25. Qg3 Bd6 26. Bxe6 fxe6 27. Nxe6 Qf7 28. Nc5 Qf1+ 29. Kb2 Nc4+ 30. Ka2 Bxg3 0-1

[Event "Knighthood Blitz"]
[Site "Vishy Anand Arena"]
[Date "2020.08.01"]
[Round "6"]
[White "Savithashri"]
[Black "Anandfan"]
[Result "1-0"]
[WhiteElo "1970"]
[BlackElo "1829"]
[PlyCount "73"]
[EventDate "2020.08.01"]
[EventType "swiss (blitz)"]

1. e4 e5 2. Nf3 Nf6 3. d3 Nc6 4. Be2 d5 5. exd5 Nxd5 6. O-O Be7 7. c4 Nf6 8. Nc3 h6 9. a3 O-O 10. b4 Re8 11. Bb2 Bf8 12. Ne4 Nxe4 13. dxe4 f6 14. Qd5+ Be6 15. Qb5 Qc8 16. Rad1 a6 17. Qa4 Ne7 18. Qc2 Ng6 19. c5 Nf4 20. Bc4 Kf7 21. g3 Nh3+ 22. Kg2 Ng5 23. Nxg5+ hxg5 24. Qb3 Bxc4 25. Qxc4+ Qe6 26. Rd7+ Re7 27. Rxe7+ Kxe7 28. Qe2 Rd8 29. b5 axb5 30. Qxb5 Qc6 31. Qb4 Kf7 32. Rc1 Rd3 33. Qc4+ Kg6 34. Qxd3 Bxc5 35. Qf3 Kh6 36. Rd1 Be7 37. Qg4 1-0

[Event "Knighthood Blitz"]
[Site "Vishy Anand Arena"]
[Date "2020.08.01"]
[Round "6"]
[White "Zanta"]
[Black "Krithigga2001"]
[Result "1-0"]
[WhiteElo "1969"]
[BlackElo "1817"]
[Annotator "NA"]
[PlyCount "147"]
[EventDate "2020.08.01"]
[EventType "swiss (blitz)"]

1. e4 c6 2. Nf3 d5 3. Nc3 dxe4 4. Nxe4 Bg4 5. h3 Bxf3 6. Qxf3 Nf6 7. Bc4 e6 8. Nxf6+ Qxf6 9. Qb3 b6 10. O-O Bd6 11. a4 Nd7 12. Qe3 O-O 13. d4 c5 14. Rd1 cxd4 15. Qxd4 Bc5 16. Qxf6 Nxf6 17. c3 Ne4 18. Be3 Rfd8 19. Bxc5 Nxc5 20. Kf1 Kf8 21. Ke2 Ke7 22. a5 Rxd1 23. Kxd1 Rd8+ 24. Ke2 Rd6 25. axb6 axb6 26. Ra7+ Kf6 27. f3 Nd7 28. Bd3 h6 29. Rc7 Ne5 30. Be4 g5 31. c4 Rd7 32. Rc8 Ke7 33. b3 f5 34. Bc2 Kd6 35. Rh8 Nf7 36. Rh7 Kc5 37. Rg7 Kb4 38. Rg6 Re7 39. Rf6 Kc3 40. Bd1 f4 41. Kf2 Kd2 42. Be2 Kc2 43. b4 Kc3 44. c5 bxc5 45. bxc5 e5 46. c6 Rc7 47. Bb5 Kd4 48. Ke2 e4 49. fxe4 Kxe4 50. Bd3+ Ke5 51. Rg6 h5 52. Kf2 Kd4 53. Bc2 Ke5 54. Bb3 Nd6 55. Rxg5+ Nf5 56. Bc2 Rxc6 57. Rxf5+ Ke6 58. Be4 Rc4 59. Kf3 Rc3+ 60. Kxf4 Rb3 61. Rxh5 Rb2 62. Rh6+ Kf7 63. g4 Kg7 64. Rg6+ Kf7 65. Ra6 Rf2+ 66. Ke5 Rf1 67. Rh6 Kg7 68. Rg6+ Kf7 69. h4 Re1 70. h5 Rg1 71. h6 Rg3 72. Rf6+ Ke7 73. Rg6 Rh3 74. Rg7+ 1-0

[Event "Knighthood Blitz"]
[Site "Vishy Anand Arena"]
[Date "2020.08.01"]
[Round "6"]
[White "Adityabikram"]
[Black "Twobrothers"]
[Result "1-0"]
[WhiteElo "1952"]
[BlackElo "1805"]
[PlyCount "135"]
[EventDate "2020.08.01"]
[EventType "swiss (blitz)"]

1. d4 d5 2. c4 e6 3. Nf3 Nf6 4. g3 Be7 5. Bg2 O-O 6. O-O dxc4 7. Qc2 a6 8. Qxc4 b5 9. Qc2 Bb7 10. Bf4 Nc6 11. Rd1 Rc8 12. a3 Nd5 13. Nc3 Bd6 14. Nxd5 exd5 15. Bxd6 Qxd6 16. Ne1 Ne7 17. Nd3 Ng6 18. Nc5 Rb8 19. Rac1 Rfe8 20. e3 Ne7 21. Qd2 c6 22. Rc2 Bc8 23. Rdc1 Bf5 24. Rc3 a5 25. Rb3 a4 26. Rbc3 Rec8 27. Na6 Rb6 28. Nb4 Rbb8 29. Bf1 h6 30. Rc5 Bd7 31. R1c3 Rd8 32. Bd3 Re8 33. Rc1 Rec8 34. Qe2 Re8 35. Qf3 Rbc8 36. Bb1 Be6 37. Qe2 Bd7 38. Qc2 Bf5 39. Qe2 Bd7 40. Nd3 g6 41. Ne5 Kg7 42. Bd3 f6 43. Nf3 Bg4 44. Qd1 Rcd8 45. Be2 Bf5 46. Nh4 Be6 47. Bd3 f5 48. Nf3 Bg8 49. Ne5 Rc8 50. Qe2 Be6 51. h4 Bd7 52. h5 g5 53. Qc2 Be6 54. Qb1 Bd7 55. R1c3 f4 56. exf4 gxf4 57. Qc1 fxg3 58. fxg3 Rf8 59. Nxd7 Qxd7 60. Bf1 Qg4 61. Qe1 Nf5 62. Qe5+ Kg8 63. Rxc6 Rce8 64. Rg6+ Qxg6 65. hxg6 Rxe5 66. dxe5 Kg7 67. Rc7+ Kxg6 68. e6 1-0

[Event "Knighthood Blitz"]
[Site "Vishy Anand Arena"]
[Date "2020.08.01"]
[Round "6"]
[White "kingofall"]
[Black "Gingeekannan"]
[Result "1-0"]
[WhiteElo "1905"]
[BlackElo "1498"]
[PlyCount "81"]
[EventDate "2020.08.01"]
[EventType "swiss (blitz)"]

1. e4 c5 2. Nf3 d6 3. d4 cxd4 4. Nxd4 Nf6 5. Nc3 a6 6. Be3 e5 7. Nf3 Be6 8. Ng5 Be7 9. Nxe6 fxe6 10. Bc4 Qd7 11. O-O Nc6 12. a4 O-O 13. a5 Rac8 14. Na4 Bd8 15. Nc5 dxc5 16. Qxd7 Nxd7 17. Bxe6+ Rf7 18. Rad1 Nd4 19. Bxf7+ Kxf7 20. c3 Ne2+ 21. Kh1 Nf6 22. Rfe1 Nf4 23. Bxf4 exf4 24. f3 Bxa5 25. e5 Ne8 26. Rd7+ Ke6 27. Rxb7 Nc7 28. Ra1 Rd8 29. h4 Kxe5 30. Rxa5 Rd1+ 31. Kh2 Ne6 32. Rxa6 h6 33. Re7 Rd6 34. Rxd6 Kxd6 35. Ra7 c4 36. Ra4 Kd5 37. Kh3 h5 38. Ra5+ Nc5 39. Ra7 Nd3 40. Rxg7 Nxb2 41. Rg5+ 1-0

[Event "Knighthood Blitz"]
[Site "Vishy Anand Arena"]
[Date "2020.08.01"]
[Round "6"]
[White "NIKiler"]
[Black "RATHNAKARAN"]
[Result "1-0"]
[WhiteElo "1902"]
[BlackElo "2154"]
[PlyCount "43"]
[EventDate "2020.08.01"]
[EventType "swiss (blitz)"]

1. d4 Nf6 2. Nf3 c5 3. c3 cxd4 4. cxd4 g6 5. Nc3 Bg7 6. e4 O-O 7. Be2 d5 8. e5 Ne8 9. O-O Nc6 10. Be3 Nc7 11. Rc1 Bg4 12. h3 Bf5 13. Qb3 Rb8 14. Nb5 Ne6 15. Rfd1 f6 16. Nc3 Nc7 17. Bf4 g5 18. Bh2 g4 19. hxg4 Bxg4 20. exf6 Rxf6 21. Bxc7 Qxc7 22. Nxd5 1-0

[Event "Knighthood Blitz"]
[Site "Vishy Anand Arena"]
[Date "2020.08.01"]
[Round "6"]
[White "Thrish"]
[Black "Kirajos"]
[Result "1-0"]
[WhiteElo "1870"]
[BlackElo "1379"]
[Annotator "NA"]
[PlyCount "77"]
[EventDate "2020.08.01"]
[EventType "swiss (blitz)"]

1. e4 c5 2. Nf3 Nc6 3. d4 cxd4 4. Nxd4 e5 5. Nb5 a6 6. Nd6+ Bxd6 7. Qxd6 Qa5+ 8. Qd2 Nf6 9. Qxa5 Nxa5 10. f3 O-O 11. Bd2 Nc6 12. Nc3 Nb4 13. O-O-O d5 14. a3 d4 15. axb4 dxc3 16. Bxc3 b6 17. Bxe5 Nd7 18. Bd4 a5 19. b5 a4 20. Bc4 a3 21. bxa3 Rxa3 22. Kb2 Ra4 23. Kb3 Ra8 24. Ra1 Bb7 25. Rxa8 Rxa8 26. Rd1 h6 27. Be3 Nc5+ 28. Bxc5 bxc5 29. Rd7 Rb8 30. Rxf7 Kh7 31. Rc7 Bc8 32. Rxc5 Bd7 33. Kb4 Be8 34. Rc7 Bg6 35. Kc5 Rd8 36. b6 Rd2 37. b7 Rxc2 38. b8=Q Rxg2 39. Qg8# 1-0

[Event "Knighthood Blitz"]
[Site "Vishy Anand Arena"]
[Date "2020.08.01"]
[Round "6"]
[White "Vikas2200"]
[Black "Viani A Dcunha"]
[Result "0-1"]
[WhiteElo "1855"]
[BlackElo "2205"]
[Annotator "NA"]
[PlyCount "56"]
[EventDate "2020.08.01"]
[EventType "swiss (blitz)"]

1. c4 g6 2. Nc3 Bg7 3. g3 d6 4. Bg2 e5 5. Nf3 f5 6. d3 Nc6 7. O-O Nf6 8. Rb1 O-O 9. b4 h6 10. b5 Ne7 11. a4 Be6 12. Ba3 Qd7 13. Qc2 f4 14. Rfc1 Bh3 15. Bh1 Ng4 16. Nd5 Nf5 17. c5 c6 18. bxc6 bxc6 19. Nc3 d5 20. Rb2 fxg3 21. hxg3 Nd4 22. Qd1 Rae8 23. Rcb1 e4 24. dxe4 dxe4 25. Nxd4 Qxd4 26. Qxd4 Bxd4 27. Nxe4 Rxf2 28. Bf3 Rf1# 0-1

[Event "Knighthood Blitz"]
[Site "Vishy Anand Arena"]
[Date "2020.08.01"]
[Round "6"]
[White "Anandgary"]
[Black "Rahulraj"]
[Result "1/2-1/2"]
[WhiteElo "1772"]
[BlackElo "1758"]
[Annotator "NA"]
[PlyCount "121"]
[EventDate "2020.08.01"]
[EventType "swiss (blitz)"]

1. e4 c6 2. d4 d5 3. exd5 cxd5 4. c4 Nf6 5. Nc3 e6 6. Nf3 Be7 7. Bf4 O-O 8. Bxb8 Rxb8 9. c5 b6 10. b4 bxc5 11. bxc5 Qa5 12. Rc1 Ne4 13. Qd3 Nxc3 14. Qxc3 Qxc3+ 15. Rxc3 Rb1+ 16. Kd2 Bd8 17. Rc1 Ba5+ 18. Kc2 Rxc1+ 19. Kxc1 Bd7 20. Bd3 Rb8 21. Ne5 Ba4 22. Bc2 Be8 23. Bb3 Bc3 24. Rd1 a5 25. Rd3 Bb4 26. Kc2 a4 27. c6 axb3+ 28. Rxb3 Bd6 29. Rxb8 Bxb8 30. Nd7 Bxd7 31. cxd7 Bc7 32. Kb3 Kf8 33. Kb4 Ke7 34. a4 Kxd7 35. Kb5 Kd6 36. a5 Bb8 37. Kb6 e5 38. dxe5+ Kxe5 39. Kb7 d4 40. Kxb8 d3 41. a6 d2 42. a7 d1=Q 43. a8=Q Qd8+ 44. Kb7 Qxa8+ 45. Kxa8 Kd4 46. Kb7 f5 47. Kc7 Kd3 48. Kd6 Ke2 49. Ke5 g6 50. f4 Kf2 51. g3 Kg2 52. h4 Kxg3 53. h5 Kg4 54. hxg6 hxg6 55. Kf6 Kxf4 56. Kxg6 Ke4 57. Kh5 f4 58. Kg4 f3 59. Kg3 Ke3 60. Kg4 f2 61. Kg5 1/2-1/2

[Event "Knighthood Blitz"]
[Site "Vishy Anand Arena"]
[Date "2020.08.01"]
[Round "6"]
[White "saisujan2005"]
[Black "IamNihar"]
[Result "1-0"]
[WhiteElo "1767"]
[BlackElo "1424"]
[Annotator "NA"]
[PlyCount "69"]
[EventDate "2020.08.01"]
[EventType "swiss (blitz)"]

1. d4 d5 2. c4 Nf6 3. Nc3 Bf5 4. Bg5 dxc4 5. e3 h6 6. Bxf6 exf6 7. Bxc4 Bb4 8. Qb3 Bxc3+ 9. bxc3 O-O 10. Qxb7 Nd7 11. Ne2 Nb6 12. Bb3 Re8 13. O-O Be4 14. Qa6 f5 15. Ng3 Qg5 16. Nxe4 Rxe4 17. Qe2 Rae8 18. c4 h5 19. c5 Nc8 20. Qc4 R8e7 21. Rab1 h4 22. h3 f4 23. exf4 Rxf4 24. Rbe1 Rxe1 25. Rxe1 Kh7 26. Bc2+ g6 27. Qa6 Rxd4 28. Qxc8 Qd2 29. Qe8 Qxc2 30. Qxf7+ Kh6 31. Qf8+ Kh5 32. Re5+ g5 33. Qh8+ Kg6 34. Re6+ Kf5 35. Qf6# 1-0

[Event "Knighthood Blitz"]
[Site "Vishy Anand Arena"]
[Date "2020.08.01"]
[Round "6"]
[White "Babykandy"]
[Black "ElectroWizzard"]
[Result "0-1"]
[WhiteElo "1756"]
[BlackElo "1712"]
[Annotator "NA"]
[PlyCount "60"]
[EventDate "2020.08.01"]
[EventType "swiss (blitz)"]

1. d4 d5 2. Bf4 e6 3. e3 Bd6 4. Bg3 Nf6 5. Nf3 c5 6. c3 Qc7 7. Bd3 Nbd7 8. O-O b6 9. Nbd2 O-O 10. Bh4 Bb7 11. Re1 e5 12. dxe5 Nxe5 13. Nxe5 Bxe5 14. Bg3 Bxg3 15. hxg3 Rfe8 16. Qc2 Rad8 17. e4 c4 18. Be2 dxe4 19. Nxc4 Ba6 20. Qa4 Bxc4 21. Bxc4 Rd2 22. b3 Qc5 23. Rf1 Red8 24. Qxa7 e3 25. Qxf7+ Kh8 26. fxe3 Qxe3+ 27. Kh1 Qh6+ 28. Kg1 Qe3+ 29. Kh1 Qxg3 30. Qb7 Ng4 0-1

[Event "Knighthood Blitz"]
[Site "Vishy Anand Arena"]
[Date "2020.08.01"]
[Round "6"]
[White "F Manish Anto Cristiano"]
[Black "Sougata"]
[Result "1-0"]
[WhiteElo "1727"]
[BlackElo "1558"]
[Annotator "NA"]
[PlyCount "119"]
[EventDate "2020.08.01"]
[EventType "swiss (blitz)"]

1. e4 e5 2. Nf3 Nc6 3. Bb5 a6 4. Ba4 Nf6 5. O-O Be7 6. Re1 b5 7. Bb3 d6 8. c3 O-O 9. h3 Nb8 10. d4 Nbd7 11. Nbd2 c5 12. Nf1 Re8 13. Ng3 g6 14. Bh6 Bf8 15. Ng5 c4 16. Bxf8 Nxf8 17. Bc2 Ne6 18. Nf3 Nf4 19. dxe5 dxe5 20. Qxd8 Rxd8 21. Nxe5 Bb7 22. Rad1 h5 23. h4 Re8 24. Nd7 Nxd7 25. Rxd7 Bc6 26. Rd6 Bb7 27. Red1 Re7 28. Rd7 Rae8 29. f3 Ne6 30. b4 cxb3 31. Bxb3 Nc5 32. Rxe7 Rxe7 33. Kf2 Nxb3 34. axb3 Rc7 35. Ne2 b4 36. cxb4 Rc2 37. Ke3 Rb2 38. Rd3 Bc6 39. Nd4 Bb5 40. Nxb5 axb5 41. g3 Rg2 42. Kf4 Rb2 43. Rd5 Rxb3 44. Rxb5 Kf8 45. Rb7 Ke8 46. b5 f6 47. b6 Rb5 48. Rg7 Kf8 49. Rxg6 Rxb6 50. Rh6 Rb5 51. Rxf6+ Kg7 52. Rf5 Rxf5+ 53. Kxf5 Kf7 54. Kg5 Kg7 55. Kxh5 Kh7 56. e5 Kg7 57. f4 Kf7 58. f5 Ke7 59. Kg6 Kf8 60. e6 1-0

[Event "Knighthood Blitz"]
[Site "Vishy Anand Arena"]
[Date "2020.08.01"]
[Round "6"]
[White "Bennyjoseph"]
[Black "Dr_Deep_Chesh"]
[Result "1-0"]
[WhiteElo "1723"]
[BlackElo "1502"]
[Annotator "NA"]
[PlyCount "61"]
[EventDate "2020.08.01"]
[EventType "swiss (blitz)"]

1. e4 e6 2. d4 d5 3. exd5 exd5 4. Nf3 c6 5. Nc3 Bd6 6. Bd3 h6 7. Be3 Nf6 8. Qd2 O-O 9. h3 Re8 10. O-O-O b5 11. Rhe1 Nbd7 12. Ne5 Nxe5 13. dxe5 Bxe5 14. Bc5 Bd6 15. Rxe8+ Nxe8 16. Bxd6 Nxd6 17. Re1 Bf5 18. Bxf5 Nxf5 19. Qf4 Nd6 20. b3 Qd7 21. Qb4 a5 22. Qc5 b4 23. Na4 Nb5 24. Nb6 Qf5 25. Nxa8 Qg5+ 26. Qe3 Qxg2 27. Qe8+ Kh7 28. Qxf7 Qg5+ 29. f4 Qg3 30. Qf5+ Kh8 31. Re8# 1-0

[Event "Knighthood Blitz"]
[Site "Vishy Anand Arena"]
[Date "2020.08.01"]
[Round "6"]
[White "Sairam Ramabadra"]
[Black "Sanjo_hunter"]
[Result "1-0"]
[WhiteElo "1706"]
[BlackElo "1582"]
[Annotator "NA"]
[PlyCount "103"]
[EventDate "2020.08.01"]
[EventType "swiss (blitz)"]

1. e4 e5 2. Nf3 Nc6 3. Bb5 Bc5 4. Bxc6 dxc6 5. O-O Qe7 6. c3 Bg4 7. h3 Bh5 8. a4 Nf6 9. b4 Bd6 10. Re1 O-O 11. d3 h6 12. g4 Bg6 13. Nh4 Bh7 14. Nf5 Bxf5 15. gxf5 Nh7 16. Kh2 Rad8 17. Rg1 Qh4 18. Qf3 Be7 19. Rg4 Qf6 20. Nd2 Rd7 21. Nc4 Rfd8 22. d4 exd4 23. e5 Ng5 24. Bxg5 Qxg5 25. Rxg5 Bxg5 26. e6 fxe6 27. fxe6 Re7 28. cxd4 Rxd4 29. Ne5 Bf4+ 30. Qxf4 Rxf4 31. Ng6 Rxf2+ 32. Kg3 Rxe6 33. Kxf2 Rxg6 34. Rd1 Rd6 35. Re1 Kf7 36. Re5 Rd4 37. b5 Rxa4 38. bxc6 bxc6 39. Rc5 Ra6 40. Ke3 Ke7 41. Kf4 Kd6 42. Rf5 Ra4+ 43. Kg3 a5 44. Rf7 g5 45. Rf6+ Kd5 46. Rxh6 c5 47. Rg6 c4 48. Rxg5+ Kd6 49. Rg4 Rb4 50. Rd4+ Ke5 51. Rd1 c3 52. Re1+ 1-0

[Event "Knighthood Blitz"]
[Site "Vishy Anand Arena"]
[Date "2020.08.01"]
[Round "6"]
[White "Sidba"]
[Black "Vishveshk"]
[Result "1-0"]
[WhiteElo "1705"]
[BlackElo "1841"]
[Annotator "NA"]
[PlyCount "61"]
[EventDate "2020.08.01"]
[EventType "swiss (blitz)"]

1. e4 e6 2. d4 d5 3. Nd2 Nf6 4. e5 Nfd7 5. f4 c5 6. Ndf3 Nc6 7. c3 f6 8. Bd3 Be7 9. Ne2 O-O 10. h4 Qb6 11. a3 a5 12. Bc2 fxe5 13. fxe5 cxd4 14. cxd4 Ndxe5 15. dxe5 Nxe5 16. Nxe5 Qf2+ 17. Kd2 Bd6 18. Nd3 Qxg2 19. Qg1 Qe4 20. Ndf4 Bxf4+ 21. Kd1 Qe5 22. Bxf4 Rxf4 23. Nxf4 Qxf4 24. Qg5 Qf3+ 25. Kd2 e5 26. Qd8+ Qf8 27. Bxh7+ Kxh7 28. Qxf8 b6 29. Rag1 g6 30. h5 e4 31. hxg6# 1-0

[Event "Knighthood Blitz"]
[Site "Vishy Anand Arena"]
[Date "2020.08.01"]
[Round "6"]
[White "Vishvajeet Singh"]
[Black "Perseus226"]
[Result "0-1"]
[WhiteElo "1694"]
[BlackElo "1885"]
[Annotator "NA"]
[PlyCount "70"]
[EventDate "2020.08.01"]
[EventType "swiss (blitz)"]

1. e4 e6 2. d4 d5 3. Nd2 dxe4 4. Nxe4 Bd7 5. Nf3 Bc6 6. Bd3 Nd7 7. O-O Ngf6 8. Ned2 Bd6 9. c4 b6 10. a3 Bb7 11. b4 c5 12. bxc5 bxc5 13. d5 exd5 14. Re1+ Be7 15. cxd5 Bxd5 16. Bb2 O-O 17. Bf5 Re8 18. Nf1 Bc6 19. Ng5 h6 20. Re6 Bd5 21. Re5 hxg5 22. Rxd5 Nxd5 23. Qxd5 Nf6 24. Qf3 Rb8 25. Rd1 Qc7 26. Bxf6 Bxf6 27. Rd7 Qf4 28. Bh7+ Kf8 29. Qh5 Re7 30. Rd1 Bd4 31. Bd3 g6 32. Qh8+ Bxh8 33. g3 Bd4 34. Rd2 Qxf2+ 35. Rxf2 Bxf2+ 0-1

[Event "Knighthood Blitz"]
[Site "Vishy Anand Arena"]
[Date "2020.08.01"]
[Round "6"]
[White "Mandy64theking"]
[Black "davidcheetah"]
[Result "1/2-1/2"]
[WhiteElo "1668"]
[BlackElo "1738"]
[Annotator "NA"]
[PlyCount "60"]
[EventDate "2020.08.01"]
[EventType "swiss (blitz)"]

1. g3 d6 2. Bg2 e5 3. d3 c6 4. b3 Nf6 5. Bb2 Be7 6. Nd2 O-O 7. Ngf3 Bf5 8. O-O h6 9. e4 Bh7 10. Nh4 Qc7 11. f4 Nbd7 12. fxe5 dxe5 13. Nf5 Bxf5 14. Rxf5 a5 15. Nc4 b5 16. Nxe5 Nxe5 17. Bxe5 Qb6+ 18. Kh1 Nd7 19. Qg4 Nxe5 20. Rxe5 Bf6 21. Rf5 Bxa1 22. e5 Rae8 23. Be4 Bxe5 24. Rh5 Kh8 25. Rxh6+ gxh6 26. Qf5 Kg7 27. Qh7+ Kf6 28. Qf5+ Kg7 29. Qh7+ Kf6 30. Qf5+ Kg7 1/2-1/2

[Event "Knighthood Blitz"]
[Site "Vishy Anand Arena"]
[Date "2020.08.01"]
[Round "6"]
[White "Chess1311"]
[Black "Position"]
[Result "0-1"]
[WhiteElo "1667"]
[BlackElo "2077"]
[Annotator "NA"]
[PlyCount "47"]
[EventDate "2020.08.01"]
[EventType "swiss (blitz)"]

1. d4 Nf6 2. Nf3 c6 3. Bf4 d6 4. c4 g6 5. Nc3 Bg7 6. e4 O-O 7. Be2 h6 8. Qd2 Kh7 9. O-O Nbd7 10. h3 Ng8 11. Rfd1 Ndf6 12. e5 Ne8 13. exd6 exd6 14. Bd3 Nef6 15. Re1 Nh5 16. Bh2 f5 17. Qc2 Qf6 18. Nd2 Qxd4 19. g4 Nf4 20. Bxf4 Qxf4 21. f3 Qg3+ 22. Kh1 Qxh3+ 23. Kg1 Be5 24. Nf1 0-1

[Event "Knighthood Blitz"]
[Site "Vishy Anand Arena"]
[Date "2020.08.01"]
[Round "6"]
[White "Rakeshkul"]
[Black "Vijayreddy29"]
[Result "1/2-1/2"]
[WhiteElo "1659"]
[BlackElo "1612"]
[Annotator "NA"]
[PlyCount "128"]
[EventDate "2020.08.01"]
[EventType "swiss (blitz)"]

1. e4 e6 2. Nf3 d5 3. e5 c5 4. b4 Nc6 5. bxc5 Bxc5 6. d4 Bb6 7. c3 Bd7 8. Bd3 Nge7 9. a4 Ng6 10. a5 Bxa5 11. Bd2 Bb6 12. Na3 O-O 13. O-O f6 14. h4 fxe5 15. h5 e4 16. hxg6 exf3 17. gxh7+ Kh8 18. g3 e5 19. Bb5 e4 20. Bxc6 bxc6 21. Kh2 Qe8 22. Rh1 Qe6 23. Kg1 Qg6 24. Bf4 Bg4 25. Nc2 Qf5 26. Ne3 Qe6 27. Nxg4 Qxg4 28. Rh4 Qg6 29. Qd2 Rf5 30. g4 Rf7 31. Kh2 Raf8 32. Bg3 Bc7 33. Bxc7 Rxc7 34. Rh1 Rcf7 35. Kg1 Rf4 36. Kf1 Rxg4 37. Rxg4 Qxg4 38. Rg1 Qh3+ 39. Ke1 Qh2 40. Rf1 Rb8 41. Kd1 Rb1+ 42. Kc2 Rxf1 43. Qg5 Rxf2+ 44. Kb3 Qb8+ 45. Ka3 Qb2+ 46. Ka4 Qb5+ 47. Ka3 Qa6+ 48. Kb4 Qb6+ 49. Ka3 Qb2+ 50. Ka4 Qb5+ 51. Ka3 Qb8 52. Qc1 Rb2 53. Qxb2 Qxb2+ 54. Kxb2 f2 55. Kb3 f1=Q 56. Kb4 Qc4+ 57. Ka3 Qxc3+ 58. Ka2 Qxd4 59. Ka3 Kxh7 60. Ka2 e3 61. Kb1 e2 62. Ka2 Qd2+ 63. Ka3 e1=Q 64. Ka4 Qee3 1/2-1/2

[Event "Knighthood Blitz"]
[Site "Vishy Anand Arena"]
[Date "2020.08.01"]
[Round "6"]
[White "theraisingsun"]
[Black "Swayham"]
[Result "0-1"]
[WhiteElo "1639"]
[BlackElo "1918"]
[PlyCount "102"]
[EventDate "2020.08.01"]
[EventType "swiss (blitz)"]

1. b3 Nf6 2. Bb2 g6 3. g3 Bg7 4. Bg2 O-O 5. e3 c5 6. c3 d5 7. Ne2 Nc6 8. O-O c4 9. b4 Ne5 10. Na3 Nd3 11. Qc2 Bf5 12. Nd4 Nxb4 13. Qc1 Nd3 14. Qc2 Bd7 15. e4 e5 16. Nf3 Nxe4 17. Ne1 Nec5 18. Nxd3 Nxd3 19. Bxd5 Bf5 20. Bxb7 Rb8 21. Bg2 Rxb2 22. Qd1 Qc7 23. Nc2 Rfb8 24. Ne3 Be6 25. Qa4 Qc5 26. Qa6 Rxd2 27. Qc6 Qxc6 28. Bxc6 Rdb2 29. Bd5 Bxd5 30. Nxd5 e4 31. Ne7+ Kf8 32. Nc6 R8b6 33. Nd4 Bxd4 34. cxd4 c3 35. Rfd1 c2 36. Rdc1 Rb1 37. Rf1 Rxa1 38. Rxa1 Rb1+ 39. Rxb1 cxb1=Q+ 40. Kg2 Qe1 41. d5 Qxf2+ 42. Kh3 Nf4+ 43. Kg4 f5+ 44. Kg5 Nxd5 45. g4 Qe3+ 46. Kh4 Qh6+ 47. Kg3 f4+ 48. Kg2 Ne3+ 49. Kg1 Qh3 50. Kf2 Qg2+ 51. Ke1 f3 0-1

[Event "Knighthood Blitz"]
[Site "Vishy Anand Arena"]
[Date "2020.08.01"]
[Round "6"]
[White "HarshPandit"]
[Black "vaibhavgautam"]
[Result "1-0"]
[WhiteElo "1626"]
[BlackElo "1639"]
[Annotator "NA"]
[PlyCount "135"]
[EventDate "2020.08.01"]
[EventType "swiss (blitz)"]

1. d4 Nf6 2. c4 e6 3. Nc3 d5 4. e3 Bd6 5. Nf3 O-O 6. Bd3 Nc6 7. O-O b6 8. cxd5 exd5 9. a3 Na5 10. Re1 c5 11. dxc5 bxc5 12. Qa4 Nc6 13. Qxc6 Qc7 14. Qxc7 Bxc7 15. Bd2 Rb8 16. Rab1 Bb7 17. Nb5 Bb6 18. Nd6 Rfd8 19. Nxb7 Rxb7 20. Bc3 c4 21. Bf5 g6 22. Bc2 Nd7 23. Red1 Nc5 24. Bd4 Nb3 25. Bxb6 Rxb6 26. Bxb3 Rxb3 27. Nd4 Rb6 28. b3 cxb3 29. Rxb3 Rxb3 30. Nxb3 Kf8 31. Nd4 Ke7 32. f3 Rc8 33. Rd2 Kd6 34. Kf2 Ke5 35. Ne2 Rc4 36. Rd4 Rxd4 37. Nxd4 a6 38. Nc6+ Kd6 39. Nb4 Kc5 40. Nxa6+ Kb6 41. Nb4 Kc5 42. Ke2 Kb5 43. Kd3 Kc5 44. e4 dxe4+ 45. Kxe4 Kc4 46. h4 Kb3 47. Nc6 Kxa3 48. Ne5 Kb4 49. Nxf7 Kc5 50. Ng5 Kd6 51. Nxh7 Ke6 52. Kf4 Kd5 53. Kg5 Kd4 54. Kxg6 Ke3 55. g4 Kxf3 56. g5 Kg4 57. h5 Kf4 58. h6 Kg4 59. Nf6+ Kh4 60. h7 Kg3 61. h8=Q Kf3 62. Kf5 Ke3 63. g6 Ke2 64. Qh3 Kd2 65. g7 Ke2 66. g8=Q Kd2 67. Qgg2+ Kc1 68. Qhh1# 1-0

[Event "Knighthood Blitz"]
[Site "Vishy Anand Arena"]
[Date "2020.08.01"]
[Round "6"]
[White "Surisai"]
[Black "Architsaigal"]
[Result "1-0"]
[WhiteElo "1623"]
[BlackElo "1596"]
[Annotator "NA"]
[PlyCount "79"]
[EventDate "2020.08.01"]
[EventType "swiss (blitz)"]

1. e4 c6 2. d4 d5 3. e5 c5 4. c3 Nc6 5. Nf3 Bg4 6. Be2 e6 7. O-O Nge7 8. h3 Bh5 9. Bg5 h6 10. Bh4 g5 11. Bg3 Nf5 12. Nbd2 Nxg3 13. fxg3 Be7 14. Nb3 c4 15. Nbd2 Qc7 16. b3 b5 17. a4 bxa4 18. bxc4 O-O 19. cxd5 exd5 20. Qxa4 a5 21. g4 Bg6 22. Bb5 Nd8 23. Rac1 Ne6 24. Be2 Nf4 25. Rf2 Nxe2+ 26. Rxe2 Bd3 27. Rf2 Rab8 28. Ne1 Bb5 29. Qa2 Qd7 30. Nb3 a4 31. Nc5 Bxc5 32. dxc5 Qc7 33. Qxd5 Rfd8 34. Qf3 Bc4 35. Qf6 Qxc5 36. Qxh6 Be6 37. Qxg5+ Kf8 38. Qf6 Rb2 39. Qxd8+ Kg7 40. Qf6+ 1-0

[Event "Knighthood Blitz"]
[Site "Vishy Anand Arena"]
[Date "2020.08.01"]
[Round "6"]
[White "Kanishsri"]
[Black "Ishan2559"]
[Result "0-1"]
[WhiteElo "1620"]
[BlackElo "1572"]
[Annotator "NA"]
[PlyCount "98"]
[EventDate "2020.08.01"]
[EventType "swiss (blitz)"]

1. d4 Nf6 2. Nf3 g6 3. c4 Bg7 4. Nc3 O-O 5. e3 d6 6. Be2 Nbd7 7. O-O c5 8. b3 cxd4 9. Nxd4 a6 10. Bb2 e5 11. Nf3 Nc5 12. Ba3 Re8 13. Rc1 Bf5 14. Nh4 Be6 15. Bf3 e4 16. Bxc5 exf3 17. Bxd6 fxg2 18. Nxg2 Qc8 19. Bg3 Nh5 20. Qf3 Nxg3 21. fxg3 b5 22. Nf4 b4 23. Nxe6 Qxe6 24. Nd5 Rac8 25. Nxb4 Qxe3+ 26. Qxe3 Rxe3 27. Rce1 Rxe1 28. Rxe1 Bc3 29. Re3 Bd4 30. Kg2 Bxe3 31. Kf3 Bd2 32. Nd3 Rd8 33. Ne5 Bc3 34. Nc6 Rd2 35. h4 Rxa2 36. Ne7+ Kf8 37. Nd5 Ba1 38. Kg4 Ra3 39. Nb4 Rxb3 40. Nd5 h5+ 41. Kg5 Rxg3+ 42. Kf4 Rg4+ 43. Kf3 Rxc4 44. Nb6 Rxh4 45. Nd7+ Ke7 46. Ne5 Bxe5 47. Ke3 Rf4 48. Kd3 h4 49. Ke2 h3 0-1

[Event "Knighthood Blitz"]
[Site "Vishy Anand Arena"]
[Date "2020.08.01"]
[Round "6"]
[White "Sohammdh"]
[Black "Tapa1964"]
[Result "0-1"]
[WhiteElo "1609"]
[BlackElo "1953"]
[Annotator "NA"]
[PlyCount "80"]
[EventDate "2020.08.01"]
[EventType "swiss (blitz)"]

1. e4 e6 2. d4 d5 3. e5 c5 4. c3 Nc6 5. Nf3 cxd4 6. cxd4 Bb4+ 7. Nc3 Nge7 8. Be2 Bxc3+ 9. bxc3 O-O 10. O-O Ng6 11. Be3 Nce7 12. c4 Nf5 13. cxd5 Qxd5 14. Rc1 Nxe3 15. fxe3 b6 16. Bc4 Qe4 17. Qe2 Bb7 18. Nd2 Qh4 19. Nf3 Qh6 20. Bd3 Rac8 21. Qd2 Rxc1 22. Qxc1 Rc8 23. Qd2 f6 24. Bxg6 hxg6 25. exf6 gxf6 26. Qd3 Bd5 27. Qa3 Qg7 28. Nd2 f5 29. Nf3 g5 30. Ne5 g4 31. Rc1 Rf8 32. Qd6 g3 33. h3 Qh6 34. Qa3 f4 35. Nd7 Rf7 36. Rc8+ Kh7 37. Ne5 f3 38. gxf3 Qxh3 39. Nxf7 Qh2+ 40. Kf1 Qf2# 0-1

[Event "Knighthood Blitz"]
[Site "Vishy Anand Arena"]
[Date "2020.08.01"]
[Round "6"]
[White "duvvaabbulu"]
[Black "Karthikmurux"]
[Result "1-0"]
[WhiteElo "1601"]
[BlackElo "1594"]
[Annotator "NA"]
[PlyCount "83"]
[EventDate "2020.08.01"]
[EventType "swiss (blitz)"]

1. e4 c5 2. Nc3 e6 3. g3 Nc6 4. Bg2 Nge7 5. d3 d5 6. Nge2 g6 7. O-O Bg7 8. Bg5 Qd7 9. a3 O-O 10. Qd2 a6 11. Bh6 b5 12. Bxg7 Kxg7 13. f4 Rb8 14. h3 Rd8 15. e5 d4 16. Ne4 c4 17. g4 Bb7 18. N2g3 Nd5 19. f5 exf5 20. gxf5 Ne3 21. Qf2 Nxe5 22. Qf4 Qe8 23. f6+ Kg8 24. Rf2 cxd3 25. cxd3 Nxd3 26. Qh6 Qf8 27. Qf4 Nxf4 28. Rxf4 Bxe4 29. Rxe4 Nd5 30. Rxd4 Re8 31. Rxd5 Red8 32. Re5 Qd6 33. Rae1 Qd4+ 34. Kh2 Kf8 35. R5e4 Qxb2 36. R4e3 Qd4 37. R1e2 Qd7 38. Nf1 Re8 39. Ng3 Rxe3 40. Rxe3 Re8 41. Rxe8+ Qxe8 42. Nf5 1-0